Statistics for Bad - Michael Jackson (All Lyrics)

Click here to take the quiz!

General Stats

  • This quiz has been taken 32 times
  • The average score is 253 of 349

Answer Stats

Answer% Correct
bad
100%
bad?
100%
I
100%
I'm
100%
know
100%
You
100%
you
100%
a
96%
The
89%
the
89%
And
86%
is
86%
it
86%
on
86%
who
86%
tell
82%
to
82%
Who's
82%
Your
82%
your
82%
But
79%
in
79%
whole
79%
world
79%
tellin'
75%
really
71%
right
71%
be
68%
has
68%
Just
68%
just
68%
me
68%
mine
68%
now
68%
again
64%
let
64%
my
64%
once
64%
butt
61%
gon'
61%
Gon'
61%
not
57%
say
57%
We
57%
what
57%
you're
57%
You're
57%
Because
54%
don't
54%
Don't
54%
get
54%
Gonna
54%
nothin'
54%
Then
54%
answer
50%
daylight
50%
face?
50%
face
50%
feel
50%
If
50%
mind
50%
broad
46%
can
46%
or
46%
Shamone
46%
shamone
46%
This
46%
up
46%
limit
43%
out
43%
sky's
43%
So
43%
stuff
43%
that's
43%
they
43%
too
43%
watch
43%
givin'
39%
have
39%
mouth
39%
show
39%
wait
39%
Well
39%
about
36%
alright
36%
could
36%
count
36%
friend
36%
hurt
36%
kill
36%
Lay
36%
like
36%
man
36%
seen
36%
shoot
36%
talk
36%
three
36%
through
36%
'til
36%
true
36%
word
36%
doin'
32%
game
32%
smooth
32%
won't
32%
cheap
29%
long
29%
lyin'
29%
sayin'
29%
slap
29%
wrong
29%
before
25%
better
25%
change
25%
eyes
25%
listen
25%
lock
25%
make
25%
place
25%
stones
25%
throwin'
25%
fight
21%
tomorrow
21%
hands
18%
hide
18%

Score Distribution

Percentile by Number Answered

Percent of People with Each Score

Your Score History

You have not taken this quiz